Flaggen Nord- und Südamerikas - Invertiert - Statistiken

Allgemein
  • Dieses Quiz wurde 39 mal gespielt
  • Das Durchschnittsergebnis liegt bei 28 aus 35
Antwortstatistiken
Bildquiz Antwort % Korrekt
Brasilien
100%
Kanada
100%
Vereinigte Staaten
100%
Ecuador
97%
Uruguay
97%
Venezuela
97%
Argentinien
94%
Barbados
94%
Jamaika
94%
Mexiko
94%
Kolumbien
92%
Panama
92%
Chile
89%
Honduras
86%
St. Lucia
83%
Dominikanische Republik
81%
El Salvador
81%
Kuba
78%
Nicaragua
78%
St. Vincent und die Grenadinen
75%
Trinidad und Tobago
75%
Antigua und Barbuda
72%
Belize
72%
Dominica
72%
Guatemala
72%
Guyana
72%
Haiti
72%
Paraguay
72%
Peru
72%
Grenada
67%
Suriname
67%
Bolivien
64%
Costa Rica
64%
St. Kitts und Nevis
64%
Bahamas
58%
Keine übereinstimmenden Quizze gefunden
Verteilung der Resultate
Anzahl Personen mit jedem Resultat
Perzentil nach korrekt beantworteten Fragen
Ihre Resultats-Entwicklung
Sie haben dieses Quiz noch nicht gespielt